000 00765cac a2200229 a 4500
003 Co-PeBPM
005 20251118111039.0
008 231129s2001||||xx a||||||||||||| ||spa||
020 _a9589471609
040 0 _aCo-PeBPM
_bspa
_cCo-PeBPM
_erda
041 0 _aspa
082 0 4 _a615.1 R815v
100 1 _aRosenstein Ster, Emilio
_eautor
245 1 0 _aVademécum de medicamentos antiinfecciosos
_c/ Emilio Rosenstein Ster
260 _aBogotá, Colombia
_b: Editorial PLM S.A.
_c, 2001
300 _a426 páginas
_b: ilustraciones
_c; 15 centímetros
500 _aIncluye índice.
650 1 _2LEMB
_aDrogas antiinfecciosas
650 1 _2LEMB
_aFarmacología
650 1 _2LEMB
_aMedicamentos antimicrobianos
942 _2ddc
_cBK
999 _c26100
_d26100